000 004130000a22001570004500
041 0 _aENG
082 0 4 _aG 287.0924 P2381j
245 1 0 _aThe journal of John Wesley / Percy Livingstone Parker, Editor
260 _aChicago, ILL., USA : Moody
300 _a438 Pag
001 8856
942 _cBK
999 _c38969
_d38969
336 _atexto
_btxt
_2rdacontent
337 _2rdamedia
_asin mediación
_bn
338 _2rdacarrier
_avolumen
_bnc